Elements of the Periodic Table - One Minute Sprint - Statistics

General Stats
  • This quiz has been taken 29 times
  • The average score is 25 of 118
Answer Stats
# Symbol Element % Correct
8 O Oxygen
87%
5 B Boron
80%
1 H Hydrogen
80%
6 C Carbon
73%
79 Au Gold
73%
2 He Helium
73%
26 Fe Iron
73%
3 Li Lithium
73%
47 Ag Silver
73%
4 Be Beryllium
60%
12 Mg Magnesium
60%
11 Na Sodium
60%
50 Sn Tin
60%
13 Al Aluminium
53%
18 Ar Argon
53%
10 Ne Neon
53%
33 As Arsenic
47%
20 Ca Calcium
47%
29 Cu Copper
47%
9 F Fluorine
47%
7 N Nitrogen
47%
14 Si Silicon
47%
16 S Sulfur
47%
23 V Vanadium
47%
15 P Phosphorus
40%
19 K Potassium
40%
54 Xe Xenon
40%
51 Sb Antimony
33%
17 Cl Chlorine
33%
27 Co Cobalt
33%
82 Pb Lead
33%
22 Ti Titanium
33%
92 U Uranium
33%
30 Zn Zinc
33%
56 Ba Barium
27%
55 Cs Caesium
27%
36 Kr Krypton
27%
25 Mn Manganese
27%
80 Hg Mercury
27%
28 Ni Nickel
27%
86 Rn Radon
27%
21 Sc Scandium
27%
81 Tl Thallium
27%
35 Br Bromine
20%
24 Cr Chromium
20%
31 Ga Gallium
20%
88 Ra Radium
20%
37 Rb Rubidium
20%
85 At Astatine
13%
48 Cd Cadmium
13%
58 Ce Cerium
13%
96 Cm Curium
13%
99 Es Einsteinium
13%
87 Fr Francium
13%
32 Ge Germanium
13%
53 I Iodine
13%
94 Pu Plutonium
13%
84 Po Polonium
13%
45 Rh Rhodium
13%
34 Se Selenium
13%
38 Sr Strontium
13%
117 Ts Tennessine
13%
65 Tb Terbium
13%
69 Tm Thulium
13%
74 W Tungsten
13%
39 Y Yttrium
13%
40 Zr Zirconium
13%
89 Ac Actinium
7%
95 Am Americium
7%
100 Fm Fermium
7%
67 Ho Holmium
7%
49 In Indium
7%
57 La Lanthanum
7%
42 Mo Molybdenum
7%
41 Nb Niobium
7%
118 Og Oganesson
7%
76 Os Osmium
7%
46 Pd Palladium
7%
78 Pt Platinum
7%
75 Re Rhenium
7%
44 Ru Ruthenium
7%
62 Sm Samarium
7%
106 Sg Seaborgium
7%
73 Ta Tantalum
7%
43 Tc Technetium
7%
52 Te Tellurium
7%
90 Th Thorium
7%
70 Yb Ytterbium
7%
97 Bk Berkelium
0%
83 Bi Bismuth
0%
107 Bh Bohrium
0%
98 Cf Californium
0%
112 Cn Copernicium
0%
110 Ds Darmstadtium
0%
105 Db Dubnium
0%
66 Dy Dysprosium
0%
68 Er Erbium
0%
63 Eu Europium
0%
114 Fl Flerovium
0%
64 Gd Gadolinium
0%
72 Hf Hafnium
0%
108 Hs Hassium
0%
77 Ir Iridium
0%
103 Lr Lawrencium
0%
116 Lv Livermorium
0%
71 Lu Lutetium
0%
109 Mt Meitnerium
0%
101 Md Mendelevium
0%
115 Mc Moscovium
0%
60 Nd Neodymium
0%
93 Np Neptunium
0%
113 Nh Nihonium
0%
102 No Nobelium
0%
59 Pr Praseodymium
0%
61 Pm Promethium
0%
91 Pa Protactinium
0%
111 Rg Roentgenium
0%
104 Rf Rutherfordium
0%
No matching quizzes found
Score Distribution
Percent of People with Each Score
Percentile by Number Answered
Your Score History
You have not taken this quiz